Top XIs: Inter Milan (1979-2023) - Statistics

General Stats
  • This quiz has been taken 1,099 times
    1,064 since last reset
  • The average score is 227 of 500
Answer Stats
Hint Position Answer % Correct
2019/2020 ST Lautaro Martínez
92%
2020/2021 ST Lautaro Martínez
92%
2021/2022 ST Lautaro Martínez
92%
2022/2023 ST Lautaro Martínez
92%
2022/2023 UCL ST Lautaro Martínez
92%
1995/1996 MF Javier Zanetti
90%
1996/1997 MF Javier Zanetti
90%
1997/1998 DF Javier Zanetti
90%
1998/1999 DF Javier Zanetti
90%
1998/1999 UCL DF Javier Zanetti
90%
1999/2000 DF Javier Zanetti
90%
2000/2001 DF Javier Zanetti
90%
2001/2002 DF Javier Zanetti
90%
2002/2003 DF Javier Zanetti
90%
2002/2003 UCL DF Javier Zanetti
90%
2003/2004 DF Javier Zanetti
90%
2003/2004 UCL DF Javier Zanetti
90%
2004/2005 DF Javier Zanetti
90%
2005/2006 DF Javier Zanetti
90%
2006/2007 MF Javier Zanetti
90%
2007/2008 MF Javier Zanetti
90%
2008/2009 MF Javier Zanetti
90%
2009/2010 DF Javier Zanetti
90%
2010/2011 MF Javier Zanetti
90%
2011/2012 MF Javier Zanetti
90%
2012/2013 MF Javier Zanetti
90%
2019/2020 ST Romelu Lukaku
90%
2020/2021 ST Romelu Lukaku
90%
2022/2023 ST Romelu Lukaku
90%
2019/2020 MF Nicolò Barella
86%
2020/2021 MF Nicolò Barella
86%
2021/2022 MF Nicolò Barella
86%
2022/2023 MF Nicolò Barella
86%
2022/2023 UCL MF Nicolò Barella
86%
2009/2010 ST Diego Milito
85%
2011/2012 ST Diego Milito
85%
2009/2010 ST Samuel Eto'o
83%
2010/2011 ST Samuel Eto'o
83%
2020/2021 DF Alessandro Bastoni
82%
2021/2022 DF Alessandro Bastoni
82%
2022/2023 DF Alessandro Bastoni
82%
2022/2023 UCL DF Alessandro Bastoni
82%
2009/2010 MF Wesley Sneijder
82%
2010/2011 MF Wesley Sneijder
82%
2011/2012 MF Wesley Sneijder
82%
2006/2007 ST Zlatan Ibrahimović
82%
2007/2008 ST Zlatan Ibrahimović
82%
2008/2009 ST Zlatan Ibrahimović
82%
2004/2005 MF Esteban Cambiasso
81%
2005/2006 MF Esteban Cambiasso
81%
2007/2008 MF Esteban Cambiasso
81%
2008/2009 MF Esteban Cambiasso
81%
2009/2010 MF Esteban Cambiasso
81%
2010/2011 MF Esteban Cambiasso
81%
2011/2012 MF Esteban Cambiasso
81%
2012/2013 MF Esteban Cambiasso
81%
2013/2014 MF Esteban Cambiasso
81%
2018/2019 DF Stefan de Vrij
79%
2019/2020 DF Stefan de Vrij
79%
2020/2021 DF Stefan de Vrij
79%
2021/2022 DF Stefan de Vrij
79%
2021/2022 MF Hakan Çalhanoğlu
78%
2022/2023 MF Hakan Çalhanoğlu
78%
2022/2023 UCL MF Hakan Çalhanoğlu
78%
2009/2010 DF Lúcio
78%
2010/2011 DF Lúcio
78%
2011/2012 DF Lúcio
78%
2022/2023 DF Denzel Dumfries
77%
2022/2023 UCL DF Denzel Dumfries
77%
2021/2022 DF Denzel Dumfries
77%
2006/2007 DF Maicon
77%
2007/2008 DF Maicon
77%
2008/2009 DF Maicon
77%
2009/2010 DF Maicon
77%
2010/2011 DF Maicon
77%
2011/2012 DF Maicon
77%
1997/1998 ST Ronaldo
76%
1998/1999 UCL ST Ronaldo
76%
2022/2023 DF Federico Dimarco
75%
2013/2014 ST Mauro Icardi
75%
2014/2015 ST Mauro Icardi
75%
2015/2016 ST Mauro Icardi
75%
2016/2017 ST Mauro Icardi
75%
2016/2017 EL ST Mauro Icardi
75%
2017/2018 ST Mauro Icardi
75%
2018/2019 ST Mauro Icardi
75%
2015/2016 MF Marcelo Brozović
74%
2018/2019 MF Marcelo Brozović
74%
2019/2020 MF Marcelo Brozović
74%
2020/2021 MF Marcelo Brozović
74%
2021/2022 MF Marcelo Brozović
74%
2022/2023 MF Marcelo Brozović
74%
2022/2023 UCL MF Marcelo Brozović
74%
2017/2018 DF Milan Škriniar
74%
2018/2019 DF Milan Škriniar
74%
2019/2020 DF Milan Škriniar
74%
2020/2021 DF Milan Škriniar
74%
2021/2022 DF Milan Škriniar
74%
2022/2023 DF Milan Škriniar
74%
2022/2023 UCL DF Milan Škriniar
74%
2005/2006 DF Wálter Samuel
74%
2009/2010 DF Wálter Samuel
74%
2011/2012 DF Wálter Samuel
74%
2021/2022 ST Edin Džeko
73%
2022/2023 UCL ST Edin Džeko
73%
2004/2005 MF Dejan Stanković
72%
2006/2007 MF Dejan Stanković
72%
2007/2008 MF Dejan Stanković
72%
2008/2009 MF Dejan Stanković
72%
2009/2010 MF Dejan Stanković
72%
2010/2011 MF Dejan Stanković
72%
2001/2002 DF Marco Materazzi
72%
2002/2003 UCL DF Marco Materazzi
72%
2004/2005 DF Marco Materazzi
72%
2006/2007 DF Marco Materazzi
72%
2007/2008 DF Cristian Chivu
68%
2008/2009 DF Cristian Chivu
68%
2010/2011 DF Cristian Chivu
68%
2015/2016 MF Ivan Perišić
68%
2016/2017 MF Ivan Perišić
68%
2017/2018 MF Ivan Perišić
68%
2018/2019 MF Ivan Perišić
68%
2021/2022 MF Ivan Perišić
68%
2003/2004 ST Adriano
67%
2004/2005 ST Adriano
67%
2005/2006 ST Adriano
67%
2000/2001 ST Christian Vieri
67%
2002/2003 ST Christian Vieri
67%
2002/2003 UCL ST Christian Vieri
67%
2003/2004 ST Christian Vieri
67%
2003/2004 UCL ST Christian Vieri
67%
2022/2023 DF Francesco Acerbi
65%
2010/2011 ST Goran Pandev
65%
2002/2003 UCL ST Hernán Crespo
62%
2006/2007 ST Hernán Crespo
62%
2005/2006 MF Luís Figo
61%
2006/2007 MF Luís Figo
61%
2022/2023 UCL MF Henrikh Mkhitaryan
60%
1999/2000 DF Iván Córdoba
60%
2000/2001 UCL DF Iván Córdoba
60%
2000/2001 DF Iván Córdoba
60%
2001/2002 DF Iván Córdoba
60%
2002/2003 DF Iván Córdoba
60%
2002/2003 UCL DF Iván Córdoba
60%
2003/2004 DF Iván Córdoba
60%
2003/2004 UCL DF Iván Córdoba
60%
2004/2005 DF Iván Córdoba
60%
2005/2006 DF Iván Córdoba
60%
2006/2007 DF Iván Córdoba
60%
2008/2009 DF Iván Córdoba
60%
2006/2007 MF Patrick Vieira
60%
2007/2008 MF Patrick Vieira
60%
1988/1989 MF Lothar Matthäus
58%
1989/1990 MF Lothar Matthäus
58%
1990/1991 MF Lothar Matthäus
58%
1991/1992 MF Lothar Matthäus
58%
1998/1999 ST Roberto Baggio
58%
2020/2021 DF Achraf Hakimi
57%
2014/2015 DF Danilo D'Ambrosio
57%
2015/2016 DF Danilo D'Ambrosio
57%
2016/2017 DF Danilo D'Ambrosio
57%
2016/2017 EL DF Danilo D'Ambrosio
57%
2017/2018 DF Danilo D'Ambrosio
57%
2018/2019 DF Danilo D'Ambrosio
57%
2008/2009 ST Mario Balotelli
57%
2020/2021 DF Ashley Young
56%
1999/2000 MF Clarence Seedorf
56%
2000/2001 UCL MF Clarence Seedorf
56%
2000/2001 MF Clarence Seedorf
56%
2019/2020 DF Ashley Young
56%
2016/2017 MF Antonio Candreva
54%
2016/2017 EL MF Antonio Candreva
54%
2017/2018 MF Antonio Candreva
54%
2019/2020 MF Antonio Candreva
54%
2000/2001 UCL MF Andrea Pirlo
53%
2002/2003 DF Fabio Cannavaro
53%
2002/2003 UCL DF Fabio Cannavaro
53%
2003/2004 DF Fabio Cannavaro
53%
2003/2004 UCL DF Fabio Cannavaro
53%
2012/2013 ST Rodrigo Palacio
53%
2013/2014 ST Rodrigo Palacio
53%
2014/2015 ST Rodrigo Palacio
53%
2019/2020 DF Diego Godín
52%
1991/1992 MF Dino Baggio
52%
1981/1982 DF Giuseppe Bergomi
52%
1982/1983 DF Giuseppe Bergomi
52%
1983/1984 DF Giuseppe Bergomi
52%
1984/1985 DF Giuseppe Bergomi
52%
1985/1986 DF Giuseppe Bergomi
52%
1986/1987 DF Giuseppe Bergomi
52%
1987/1988 DF Giuseppe Bergomi
52%
1988/1989 DF Giuseppe Bergomi
52%
1989/1990 DF Giuseppe Bergomi
52%
1990/1991 DF Giuseppe Bergomi
52%
1991/1992 DF Giuseppe Bergomi
52%
1992/1993 DF Giuseppe Bergomi
52%
1993/1994 DF Giuseppe Bergomi
52%
1994/1995 DF Giuseppe Bergomi
52%
1997/1998 DF Giuseppe Bergomi
52%
1998/1999 DF Giuseppe Bergomi
52%
1998/1999 UCL DF Giuseppe Bergomi
52%
2015/2016 DF Miranda
52%
2016/2017 DF Miranda
52%
2017/2018 DF Miranda
52%
2009/2010 MF Thiago Motta
52%
2010/2011 DF Andrea Ranocchia
51%
2012/2013 DF Andrea Ranocchia
51%
2014/2015 DF Andrea Ranocchia
51%
2016/2017 EL DF Andrea Ranocchia
51%
1996/1997 ST Iván Zamorano
51%
1998/1999 ST Iván Zamorano
51%
1998/1999 UCL ST Iván Zamorano
51%
1999/2000 ST Iván Zamorano
51%
1999/2000 ST Álvaro Recoba
50%
2000/2001 ST Álvaro Recoba
50%
2002/2003 ST Álvaro Recoba
50%
2004/2005 MF Juan S. Verón
50%
2005/2006 MF Juan S. Verón
50%
2011/2012 DF Yuto Nagatomo
50%
2012/2013 DF Yuto Nagatomo
50%
2013/2014 DF Yuto Nagatomo
50%
2016/2017 EL DF Yuto Nagatomo
50%
2003/2004 UCL ST Julio Ricardo Cruz
49%
2007/2008 ST Julio Ricardo Cruz
49%
1989/1990 ST Jürgen Klinsmann
49%
1990/1991 ST Jürgen Klinsmann
49%
1991/1992 ST Jürgen Klinsmann
49%
2013/2014 MF Mateo Kovačić
49%
2014/2015 MF Mateo Kovačić
49%
2017/2018 MF Roberto Gagliardini
49%
2020/2021 MF Christian Eriksen
46%
1988/1989 DF Andreas Brehme
45%
1989/1990 DF Andreas Brehme
45%
1990/1991 DF Andreas Brehme
45%
1991/1992 DF Andreas Brehme
45%
2004/2005 ST Obafemi Martins
45%
2005/2006 ST Obafemi Martins
45%
2012/2013 ST Antonio Cassano
44%
2012/2013 MF Fredy Guarín
44%
2013/2014 MF Fredy Guarín
44%
2014/2015 MF Fredy Guarín
44%
1997/1998 MF Diego Simeone
43%
1998/1999 MF Diego Simeone
43%
1998/1999 UCL MF Diego Simeone
43%
2016/2017 MF Geoffrey Kondogbia
43%
2015/2016 MF Geoffrey Kondogbia
43%
2017/2018 MF Matías Vecino
43%
2018/2019 MF Matías Vecino
43%
2008/2009 MF Sulley Muntari
43%
1996/1997 MF Youri Djorkaeff
43%
1997/1998 MF Youri Djorkaeff
43%
1998/1999 MF Youri Djorkaeff
43%
1979/1980 ST Alessandro Altobelli
42%
1980/1981 ST Alessandro Altobelli
42%
1981/1982 ST Alessandro Altobelli
42%
1982/1983 ST Alessandro Altobelli
42%
1983/1984 ST Alessandro Altobelli
42%
1984/1985 ST Alessandro Altobelli
42%
1985/1986 ST Alessandro Altobelli
42%
1986/1987 ST Alessandro Altobelli
42%
1987/1988 ST Alessandro Altobelli
42%
2006/2007 DF Fabio Grosso
42%
2018/2019 MF Radja Nainggolan
42%
1995/1996 MF Roberto Carlos
42%
1999/2000 MF Luigi Di Biagio
41%
2000/2001 MF Luigi Di Biagio
41%
2001/2002 MF Luigi Di Biagio
41%
2002/2003 MF Luigi Di Biagio
41%
2002/2003 UCL MF Luigi Di Biagio
41%
2007/2008 DF Maxwell
41%
2008/2009 DF Maxwell
41%
2011/2012 ST Giampaolo Pazzini
40%
1979/1980 DF Giuseppe Baresi
40%
1980/1981 DF Giuseppe Baresi
40%
1981/1982 DF Giuseppe Baresi
40%
1982/1983 DF Giuseppe Baresi
40%
1983/1984 DF Giuseppe Baresi
40%
1984/1985 DF Giuseppe Baresi
40%
1985/1986 DF Giuseppe Baresi
40%
1986/1987 DF Giuseppe Baresi
40%
1987/1988 DF Giuseppe Baresi
40%
1993/1994 ST Dennis Bergkamp
39%
1994/1995 ST Dennis Bergkamp
39%
2014/2015 MF Gary Medel
39%
2015/2016 MF Gary Medel
39%
2016/2017 EL MF Gary Medel
39%
2015/2016 DF Jeison Murillo
39%
2016/2017 DF Jeison Murillo
39%
2016/2017 EL DF Jeison Murillo
39%
2018/2019 DF Kwadwo Asamoah
39%
2014/2015 DF Nemanja Vidić
39%
2022/2023 UCL DF Robin Gosens
38%
2017/2018 DF João Cancelo
36%
1984/1985 ST K.-H. Rummenigge
36%
1985/1986 ST K.-H. Rummenigge
36%
1986/1987 ST K.-H. Rummenigge
36%
2007/2008 DF Nicolás Burdisso
36%
2011/2012 MF Ricky Álvarez
36%
2013/2014 MF Ricky Álvarez
36%
2016/2017 MF João Mário
35%
2018/2019 MF Matteo Politano
35%
1988/1989 MF Nicola Berti
35%
1989/1990 MF Nicola Berti
35%
1990/1991 MF Nicola Berti
35%
1991/1992 MF Nicola Berti
35%
1992/1993 MF Nicola Berti
35%
1994/1995 MF Nicola Berti
35%
2017/2018 MF Borja Valero
34%
1994/1995 DF Giovanni Bia
33%
2012/2013 DF Juan Jesus
33%
2013/2014 DF Juan Jesus
33%
2014/2015 DF Juan Jesus
33%
2002/2003 MF Emre Belözoğlu
32%
2002/2003 UCL MF Emre Belözoğlu
32%
2003/2004 MF Emre Belözoğlu
32%
1983/1984 ST Aldo Serena
31%
1987/1988 ST Aldo Serena
31%
1988/1989 ST Aldo Serena
31%
1989/1990 ST Aldo Serena
31%
1990/1991 ST Aldo Serena
31%
2016/2017 EL MF Felipe Melo
31%
2002/2003 DF Francesco Coco
31%
1999/2000 DF Laurent Blanc
31%
2000/2001 UCL DF Laurent Blanc
31%
2000/2001 DF Laurent Blanc
31%
1983/1984 DF Riccardo Ferri
31%
1984/1985 DF Riccardo Ferri
31%
1985/1986 DF Riccardo Ferri
31%
1986/1987 DF Riccardo Ferri
31%
1987/1988 DF Riccardo Ferri
31%
1988/1989 DF Riccardo Ferri
31%
1989/1990 DF Riccardo Ferri
31%
1990/1991 DF Riccardo Ferri
31%
1991/1992 DF Riccardo Ferri
31%
2016/2017 EL ST Éder
30%
2004/2005 DF Giuseppe Favalli
30%
2005/2006 DF Giuseppe Favalli
30%
1985/1986 MF Marco Tardelli
30%
1997/1998 DF Taribo West
30%
1998/1999 DF Taribo West
30%
1979/1980 MF Gabriele Oriali
28%
1981/1982 MF Gabriele Oriali
28%
1982/1983 MF Gabriele Oriali
28%
2014/2015 MF Hernanes
28%
1992/1993 ST Rubén Sosa
28%
1993/1994 ST Rubén Sosa
28%
2004/2005 MF Siniša Mihajlović
28%
2015/2016 ST Stevan Jovetić
28%
1998/1999 MF Benoît Cauet
27%
1998/1999 UCL MF Benoît Cauet
27%
1999/2000 MF Benoît Cauet
27%
2000/2001 UCL MF Benoît Cauet
27%
2019/2020 DF Cristiano Biraghi
27%
2016/2017 EL MF Éver Banega
27%
2016/2017 MF Éver Banega
27%
2000/2001 UCL ST Hakan Şükür
27%
2013/2014 DF Jonathan
27%
2001/2002 MF Sérgio Conceição
27%
2002/2003 MF Sérgio Conceição
27%
1997/1998 MF Aron Winter
26%
1998/1999 MF Aron Winter
26%
1998/1999 UCL MF Aron Winter
26%
1998/1999 UCL ST Nicola Ventola
26%
2001/2002 ST Nicola Ventola
26%
2013/2014 DF Rolando
26%
2003/2004 DF Daniele Adani
24%
2003/2004 UCL DF Daniele Adani
24%
1998/1999 DF Fran. Colonnese
24%
1992/1993 ST Salvatore Schillaci
24%
2001/2002 DF Vratislav Greško
24%
1988/1989 MF Alessandro Bianchi
23%
1989/1990 MF Alessandro Bianchi
23%
1990/1991 MF Alessandro Bianchi
23%
2012/2013 DF Álvaro Pereira
23%
1999/2000 DF Christian Panucci
23%
1995/1996 MF Paul Ince
23%
1996/1997 MF Paul Ince
23%
1982/1983 DF Fulvio Collovati
22%
1983/1984 DF Fulvio Collovati
22%
1984/1985 DF Fulvio Collovati
22%
1985/1986 DF Fulvio Collovati
22%
1995/1996 ST Maurizio Ganz
22%
1996/1997 ST Maurizio Ganz
22%
2012/2013 MF Wálter Gargano
22%
2000/2001 DF Dario Šimić
21%
2000/2001 UCL DF Dario Šimić
21%
2003/2004 MF Kily González
21%
2003/2004 UCL MF Kily González
21%
1997/1998 MF Francesco Moriero
20%
2002/2003 MF Matías Almeyda
20%
2003/2004 UCL MF Matías Almeyda
20%
2001/2002 ST Mohamed Kallon
20%
1995/1996 DF Salvatore Fresi
20%
1996/1997 DF Salvatore Fresi
20%
1993/1994 MF Wim Jonk
20%
1994/1995 MF Wim Jonk
20%
2002/2003 UCL MF Stéphane Dalmat
19%
1979/1980 MF Evaristo Beccalossi
19%
1980/1981 MF Evaristo Beccalossi
19%
1981/1982 MF Evaristo Beccalossi
19%
1983/1984 MF Evaristo Beccalossi
19%
1998/1999 UCL DF Fabio Galante
19%
1979/1980 MF Giampiero Marini
19%
1980/1981 MF Giampiero Marini
19%
1981/1982 MF Giampiero Marini
19%
1982/1983 MF Giampiero Marini
19%
1995/1996 ST Marco Branca
19%
1992/1993 DF Matthias Sammer
19%
1988/1989 ST Ramón Díaz
19%
2015/2016 DF Alex Telles
18%
1984/1985 MF Andrea Mandorlini
18%
1985/1986 MF Andrea Mandorlini
18%
1986/1987 MF Andrea Mandorlini
18%
1987/1988 MF Andrea Mandorlini
18%
1988/1989 DF Andrea Mandorlini
18%
1989/1990 DF Andrea Mandorlini
18%
2016/2017 DF Cristian Ansaldi
18%
1991/1992 MF Davide Fontolan
18%
1992/1993 MF Davide Fontolan
18%
1993/1994 MF Davide Fontolan
18%
2000/2001 UCL MF Vladimir Jugović
18%
2000/2001 MF Vladimir Jugović
18%
1998/1999 UCL DF Mikaël Silvestre
17%
2001/2002 MF Guly
17%
1982/1983 MF Hansi Müller
17%
1983/1984 MF Hansi Müller
17%
2000/2001 MF Javier Farinós
16%
2003/2004 MF Javier Farinós
16%
2000/2001 UCL ST Robbie Keane
16%
1993/1994 DF Antonio Paganin
15%
1994/1995 DF Antonio Paganin
15%
2001/2002 MF Cristiano Zanetti
15%
2003/2004 MF Cristiano Zanetti
15%
2003/2004 UCL MF Cristiano Zanetti
15%
2005/2006 MF David Pizarro
15%
2002/2003 UCL MF Domenico Morfeo
15%
1992/1993 DF Luigi De Agostini
15%
1993/1994 DF Massimo Paganin
15%
1995/1996 DF Massimo Paganin
15%
1996/1997 DF Massimo Paganin
15%
1984/1985 MF Franco Causio
14%
1986/1987 MF Gianfranco Matteoli
14%
1987/1988 MF Gianfranco Matteoli
14%
1988/1989 MF Gianfranco Matteoli
14%
1989/1990 MF Gianfranco Matteoli
14%
1994/1995 ST Marco Delvecchio
14%
1997/1998 MF Zé Elias
14%
1979/1980 DF Graziano Bini
13%
1980/1981 DF Graziano Bini
13%
1981/1982 DF Graziano Bini
13%
1982/1983 DF Graziano Bini
13%
1999/2000 MF Grigoris Georgatos
13%
1985/1986 MF Pietro Fanna
13%
1986/1987 MF Pietro Fanna
13%
1987/1988 MF Pietro Fanna
13%
1992/1993 MF Antonio Manicone
12%
1993/1994 MF Antonio Manicone
12%
1979/1980 ST Carlo Muraro
12%
1980/1981 ST Carlo Muraro
12%
1986/1987 DF Daniel Passarella
12%
1987/1988 DF Daniel Passarella
12%
1980/1981 MF Herbert Prohaska
12%
1981/1982 MF Herbert Prohaska
12%
1992/1993 MF Igor Shalimov
12%
1990/1991 DF Sergio Battistini
12%
1991/1992 DF Sergio Battistini
12%
1992/1993 DF Sergio Battistini
12%
1993/1994 DF Sergio Battistini
12%
1993/1994 MF Angelo Orlando
11%
1994/1995 MF Angelo Orlando
11%
1994/1995 DF Gianluca Festa
11%
1995/1996 DF Gianluca Festa
11%
1984/1985 MF Liam Brady
11%
1985/1986 MF Liam Brady
11%
1981/1982 MF Salvatore Bagni
11%
1982/1983 MF Salvatore Bagni
11%
1983/1984 MF Salvatore Bagni
11%
1995/1996 DF Alessandro Pistone
10%
1996/1997 DF Alessandro Pistone
10%
1995/1996 MF Benito Carbone
10%
1996/1997 MF Ciriaco Sforza
10%
1979/1980 MF Domenico Caso
10%
1980/1981 MF Domenico Caso
10%
1987/1988 MF Enzo Scifo
10%
1996/1997 DF Jocelyn Angloma
10%
1982/1983 MF Juary
10%
2000/2001 UCL DF Matteo Ferrari
10%
2003/2004 UCL MF Andy van der Meijde
9%
1997/1998 DF Luigi Sartor
9%
1979/1980 DF Roberto Mozzini
9%
1980/1981 DF Roberto Mozzini
9%
1991/1992 MF Stefano Desideri
9%
1979/1980 DF Nazzareno Canuti
7%
1980/1981 DF Nazzareno Canuti
7%
1983/1984 MF Antonio Sabato
6%
1984/1985 MF Antonio Sabato
6%
1994/1995 MF Andrea Seno
5%
1990/1991 MF Fausto Pizzi
5%
1986/1987 MF Adriano Piraccini
4%
1981/1982 DF Klaus Bachlechner
4%
No matching quizzes found
Score Distribution
Percent of People with Each Score
Percentile by Number Answered
Your Score History
You have not taken this quiz since the last reset